000 00484nam a2200157Ia 4500
008 210716s2007 xx 000 0 und d
020 _a9788184042924
041 _aeng
082 _a005.7525 MACM
100 _aMacdonald, Matthew.
245 _aAcces 2007 for staeters the missing manual: your best friend for answers.
_bYour best friend for answers.
250 _a1
260 _aMumbai
_bShroff Publishers and Distributors Pvt Ltd
_c2007
300 _axiv,377
650 _aNone
999 _c189100
_d189100